Normal view MARC view
  • May, Gary S

Entry Personal Name

Number of records used in: 3

001 - CONTROL NUMBER

  • control field: 35779

003 - CONTROL NUMBER IDENTIFIER

  • control field: NUST

005 - DATE AND TIME OF LATEST TRANSACTION

  • control field: 20210302112851.0

008 - FIXED-LENGTH DATA ELEMENTS

  • fixed length control field: 210302|| aca||aabn | a|a d

040 ## - CATALOGING SOURCE

  • Original cataloging agency: NUST
  • Transcribing agency: NUST

100 ## - HEADING--PERSONAL NAME

  • Personal name: May, Gary S

670 ## - SOURCE DATA FOUND

  • Source citation: Work cat.: (NUST)31546: May, Gary S., Fundamentals of semiconductor fabrication /, c2004.
© 2023 Central Library, National University of Sciences and Technology. All Rights Reserved.